000 00358nam a22001217a 4500
040 _cSY
082 _a908
100 _aហ៊ីង សាលីន
245 _aប្រវត្តិនៃការអភិវឌ្ឍន៍សេដ្ឋកិច្ចនៅកម្ពុជា
260 _aRUA
_bហ៊ីង
_c2005
300 _a116p.
942 _cKB
999 _c9075
_d9075